มุมมองปกติ
มุมมองแบบ MARC
- พระมหากษัตริย์
รายการ Topical Term
001 - CONTROL NUMBER
- control field: 56243
003 - CONTROL NUMBER IDENTIFIER
- control field: NALT
005 - DATE AND TIME OF LATEST TRANSACTION
- control field: 20220202113714.0
008 - FIXED-LENGTH DATA ELEMENTS
- fixed length control field: 220202|| aca||babn | a|a d
040 ## - CATALOGING SOURCE
- Original cataloging agency: NALT
150 ## - HEADING--TOPICAL TERM
- Topical term or geographic name entry element: พระมหากษัตริย์
- General subdivision: บทบัญญัติรัฐธรรมนูญ
- Chronological subdivision: 2540
